00446nam a22001457a 4500003000900000005001700009007000300026008004100029020001900070040002700089100003000116245008000146260004400226300003000270DO-SdBNP20211122103949.0ta211119b2021 dr a|||| |||| 00| 0 spa d a9789945098884  aDO-SdBNP bspacBNPHU 1 aMarine Olivo, Juan Carlos10aFísica Cuántica fundamentos y aplicaciones /cJuan Carlos Marine Olivo. aSanto Domingo : bUniversitaria,c2021. a376 p. :bil. ; c27 cm.